Flow through open channels (Record no. 11092)

000 -LEADER
fixed length control field 00492nam a22001937a 4500
001 - CONTROL NUMBER
control field 11092
003 - CONTROL NUMBER IDENTIFIER
control field BD-DhUET
008 - FIXED-LENGTH DATA ELEMENTS--GENERAL INFORMATION
fixed length control field 150214b xxu||||| |||| 00| 0 eng d
040 ## - CATALOGING SOURCE
Original cataloging agency DLC
Transcribing agency DLC
Modifying agency BD-DhUET
082 ## - DEWEY DECIMAL CLASSIFICATION NUMBER
Classification number 627.01
Item number RAJ/1981
100 ## - MAIN ENTRY--PERSONAL NAME
Personal name Raju, K G Ranga
245 ## - TITLE STATEMENT
Title Flow through open channels
250 ## - EDITION STATEMENT
Edition statement Ist ed.
260 ## - PUBLICATION, DISTRIBUTION, ETC. (IMPRINT)
Place of publication, distribution, etc. New Delhi
Name of publisher, distributor, etc. Tata Mcgraw Hill
Date of publication, distribution, etc. 1981
300 ## - PHYSICAL DESCRIPTION
Extent x, 330p.
Other physical details illus.
504 ## - BIBLIOGRAPHY, ETC. NOTE
Bibliography, etc Includes bibliographies
650 #0 - SUBJECT ADDED ENTRY--TOPICAL TERM
Topical term or geographic name as entry element Open channel flow
942 ## - ADDED ENTRY ELEMENTS (KOHA)
Koha item type General Book
Holdings
Damaged status Koha item type Sublocation or collection (holding branch) Koha issues (times borrowed) Location (home branch) Withdrawn status Source of classification or shelving scheme Piece designation (barcode) Copy number Koha date last seen Date acquired Koha date last borrowed Koha full call number Koha normalized classification for sorting Lost status Shelving location Price effective from Not for loan
 General BookCentral Library, BUET Central Library, BUET  5760712017-05-272015-02-14 627.01/RAJ/1981627_010000000000000_RAJ_1981 Circulation section2015-02-14 
 General BookCentral Library, BUET Central Library, BUET  5671422015-02-232015-02-23 627.01/RAJ/1981627_010000000000000_RAJ_1981 Circulation section2015-02-23 
 General BookCentral Library, BUET1Central Library, BUET  5671532018-02-032015-02-232018-01-27627.01/RAJ/1981627_010000000000000_RAJ_1981 Circulation section2015-02-23 
 General BookCentral Library, BUET1Central Library, BUET  7761242025-04-222015-02-232018-07-17627.01/RAJ/1981627_010000000000000_RAJ_1981 Circulation section2015-02-23